| 000 | 00589nam a22001937a 4500 | ||
|---|---|---|---|
| 003 | JO-AjAnu | ||
| 005 | 20231211151504.0 | ||
| 008 | 231211b jo ||||| |||| 00| 0 ara d | ||
| 040 |
_bARA _cJO-AjAnu _dANU |
||
| 100 |
_aChoi، Frederick D. S _964989 _eAuthor |
||
| 245 |
_aInternational Accounting / _cFrederick D.S. Choi |
||
| 250 | _athird edition | ||
| 260 |
_aUSA : _bPrentice، _c1999 |
||
| 300 | _a479 Pages | ||
| 650 | _vInternational-Business-Enterpriss | ||
| 700 |
_aCarol Ann Frost _964998 _eJoint Author |
||
| 700 |
_aGray K. Meek _965000 _eJoint Author |
||
| 942 |
_2lcc _cBK _n0 |
||
| 999 |
_c33295 _d33295 |
||